000 00414nam a2200169Ia 4500
001 30647
003 IN-NITTTR
005 20251114233413.0
008 251113s9999||||xx |||||||||||||| ||eng||
040 _beng
040 _cIN-NITTTR
041 _aeng
082 _a572.8633 M863B
100 _aMount, David W.
245 0 _aBioinformatics :
_b sequence and genome analysis /
_cMount, David W.
942 _2ddc
_cBK
999 _c33277
_d33277